000 00587cam a22002053a 4500
001 39617
003 PGUSA
005 20140828083859.0
008 120504s2012||||xxu|||||s|||||000 | eng d
040 _aPGUSA
_beng
042 _adc
100 1 _aHutton, Laurence,
_d1843-1904
245 1 0 _aCuriosities of the American Stage
_h[electronic resource] /
_cLaurence Hutton
260 _bProject Gutenberg,
_c2012
506 _aPublic domain in the USA.
516 _aElectronic text
830 0 _aProject Gutenberg
_v39617
856 4 0 _uhttp://www.gutenberg.org/ebooks/39617
942 _cEB
999 _c268870
_d268870